Educational assessment and the Elementary and Secondary Education Act /

Bibliographic Details
Main Author: Skinner, Rebecca (Rebecca R.) (Author)
Format: Government Document Database
Language:English
Published: [Washington, D.C.] : Congressional Research Service, 2018-
Edition:[Library of Congress public edition].
Series:CRS report ; R45049.
Subjects:
Online Access:https://purl.fdlp.gov/GPO/gpo111339

MARC

Tag First Indicator Second Indicator Subfields
LEADER 00000cai a2200000 i 4500
001 in00004020613
005 20211120102017.0
006 m o d f
007 cr mn|||||||||
008 181107c20189999dcu x w obb f0 2eng c
010 |a  2018231817 
035 |a (OCoLC)on1061561424 
040 |a GPO  |b eng  |e rda  |e pn  |c GPO  |d MvI  |d UtOrBLW 
042 |a pcc 
043 |a n-us--- 
049 |a WWW 
074 |a 0807-A-07 (online) 
086 0 |a LC 14.23:R 45049/ 
100 1 |a Skinner, Rebecca  |q (Rebecca R.)  |e author. 
245 1 0 |a Educational assessment and the Elementary and Secondary Education Act /  |c Rebecca R. Skinner. 
250 |a [Library of Congress public edition]. 
264 1 |a [Washington, D.C.] :  |b Congressional Research Service,  |c 2018- 
300 |a 1 online resource. 
310 |a Updated irregularly 
336 |a text  |b txt  |2 rdacontent 
337 |a computer  |b c  |2 rdamedia 
338 |a online resource  |b cr  |2 rdacarrier 
490 1 |a Report / Congressional Research Service ;  |v R45049 
500 |a The CRS report home page provides access to all versions published since 2018 in accordance with P.L. 115-141; earliest version dated 2017. 
504 |a Report includes bibliographical references. 
588 |a Description based on contents viewed on November 7, 2018; title from CRS report home page. 
610 1 0 |a United States.  |t Elementary and Secondary Education Act of 1965.  |0 http://id.loc.gov/authorities/names/n82158537 
610 1 0 |a United States.  |t Every Student Succeeds Act.  |0 http://id.loc.gov/authorities/names/no2016056012 
650 0 |a Educational tests and measurements  |z United States  |x States. 
650 0 |a Education, Elementary  |z United States  |x States. 
650 0 |a Education, Secondary  |z United States  |x States. 
710 2 |a Library of Congress.  |b Congressional Research Service,  |e issuing body.  |0 http://id.loc.gov/authorities/names/n79061321 
773 0 8 |i Contained in (work):  |t CRS reports (Library of Congress. Congressional Research Service)  |w (DLC) 2018231131  |w (OCoLC)1052784408 
830 0 |a CRS report ;  |v R45049.  |0 http://id.loc.gov/authorities/names/no2018108464 
856 4 0 |u https://purl.fdlp.gov/GPO/gpo111339  |t 0 
999 f f |s 0e4428fd-7710-3d19-8bb0-4c2b448fcf34  |i 577ca735-1dab-3535-8702-9d4d53f10064  |t 0 
952 f f |a Texas A&M University  |b College Station  |c Electronic Resources  |d Available Online  |t 0  |e LC 14.23:R 45049/  |h Superintendent of Documents classification 
998 f f |a LC 14.23:R 45049/  |t 0  |l Available Online